[Event "Medellin Aristizabal Cup"]
[Site "Medellin"]
[Date "2020.01.30"]
[Round "2"]
[White "Alvarez Ochoa, Santiago"]
[Black "Llano Buritica, Eduardo Alejandro"]
[Result "0-1"]
[WhiteElo "1542"]
[BlackElo "1929"]
[PlyCount "57"]
[EventDate "2020.01.29"]
[EventType "swiss"]
[EventRounds "7"]
[EventCountry "COL"]
[SourceTitle "CBM 194 Extra"]
[Source "ChessBase"]
[SourceDate "2020.03.31"]
[SourceVersion "1"]
[SourceVersionDate "2020.03.31"]
[SourceQuality "1"]

1. e4 Nc6 2. d4 d5 3. e5 Bf5 4. g4 Bd7 5. f4 e6 6. Nf3 h5 7. g5 Nge7 8. Bd3 Nb4 9. Be2 Nf5 10. c3 Nc6 11. h4 Nce7 12. Na3 Rc8 13. 0-0 c5 14. Nb5 a6 15. Nd6+ Nxd6 16. exd6 Nf5 17. dxc5 Rxc5 18. Bd3 Nxd6 19. Be3 Rc8 20. g6 f6 21. Nd4 f5 22. Nf3 Qf6 23. Rf2 Ne4 24. Bxe4 fxe4 25. Ne5 Qxh4 26. Nxd7 Qg3+ 27. Kf1 Qxe3 28. Ne5 Bc5 29. Qc2 0-1

[Event "Medellin Aristizabal Cup"]
[Site "Medellin"]
[Date "2019.06.22"]
[Round "3"]
[White "Ortega Lopez, Mateo"]
[Black "Alvarez Ochoa, Santiago"]
[Result "1-0"]
[WhiteElo "1224"]
[BlackElo "1585"]
[PlyCount "85"]
[EventDate "2019.06.21"]
[EventType "swiss"]
[EventRounds "7"]
[EventCountry "COL"]
[SourceTitle "EXT 2020"]
[Source "ChessBase"]
[SourceDate "2019.10.17"]
[SourceVersion "1"]
[SourceVersionDate "2019.10.17"]
[SourceQuality "1"]

1. e4 c5 2. Nf3 e6 3. d3 Qc7 4. g3 d5 5. Bg2 b6 6. 0-0 Bb7 7. Re1 Nd7 8. c3 Bd6 9. Nbd2 Ne7 10. d4 dxe4 11. Nxe4 Bxe4 12. Rxe4 0-0 13. dxc5 Nxc5 14. Rd4 Rad8 15. b4 Nb7 16. Qd3 Nf5 17. Rc4 Qb8 18. Qe4 b5 19. Rc6 Ne7 20. Ng5 g6 21. Ra6 Be5 22. Qh4 Rd1+ 23. Bf1 h5 24. Bb2 Rxa1 25. Bxa1 Bf6 26. Qf4 Bxg5 27. Qxg5 Nf5 28. c4 Kh7 29. h3 e5 30. Bd3 Qd8 31. Qxd8 Rxd8 32. Bxf5 gxf5 33. Bxe5 Rd1+ 34. Kg2 bxc4 35. Rxa7 Nd6 36. Rd7 c3 37. Bxc3 Rc1 38. Bd2 Rc6 39. a4 Kg6 40. b5 Nxb5 41. axb5 Rb6 42. Rd5 Kf6 43. Be3 1-0